| 000 | 00519nam a2200193Ia 4500 | ||
|---|---|---|---|
| 005 | 20251113135237.0 | ||
| 008 | 230125s9999 xx 000 0 und d | ||
| 020 | _a978-0-07-070367-4 | ||
| 041 | _aeng | ||
| 082 |
_a158.1 _bRAO |
||
| 100 |
_aRao S S _9214826 |
||
| 245 |
_aHappiness At Work _bBe Resilient, Motivated, and Successful - No Matter What |
||
| 260 |
_c2013 _bMcGraw-Hill _aNew Delhi |
||
| 300 | _a235p | ||
| 500 | _aPersonality Development, | ||
| 700 |
_aRao S S _9214826 |
||
| 906 | _b85 | ||
| 942 | _cBK | ||
| 999 |
_c93385 _d93385 |
||